It looks like you're offline.
Open Library logo
additional options menu

MARC Record from Miami University of Ohio

Record ID marc_miami_univ_ohio/allbibs0024.out:5317420:681
Source Miami University of Ohio
Download Link /show-records/marc_miami_univ_ohio/allbibs0024.out:5317420:681?format=raw

LEADER: 00681nam 2200217Ii 4500
001 ocm02812243
005 19850812123220.0
008 770318s1954 enk 00110 eng d
040 $aVWM$cVWM$dm.c.$dMIA
049 $aMIAs
090 $aTX721$b.H64 1954
100 10 $aHowe, Robin
245 10 $aGerman cooking /$cby Robin Howe
250 $aRev. and enl. ed
260 0 $aLondon :$bA. Deutsch,$c1954
300 $a223 p. ;$c19 cm
500 $aIncludes index
650 0 $aCookery, German
907 $a.b12558072$b05-26-00$c05-24-90
998 $aswdep$b04-23-90$cm$da$e-$feng$genk$h0$i1
945 $g1$i81272131203$i35054002491328$j0$lrgsts$o-$p$0.00$s-$t0$u0$v0$w0$x0$y.i12686499$z05-24-90